UEFA Euro 1996 Top scorers - Statistics

General Stats
  • This quiz has been taken 16 times
  • The average score is 6 of 9
Answer Stats
Goals Team Player % Correct
5 England Alan Shearer
100%
3 Croatia Davor Šuker
100%
3 Denmark Brian Laudrup
85%
3 Germany Jürgen Klinsmann
85%
2 England Teddy Sheringham
77%
2 Germany Oliver Bierhoff
62%
2 Germany Matthias Sammer
46%
2 Italy Pierluigi Casiraghi
38%
3 Bulgaria Hristo Stoičkov
31%
No matching quizzes found
Score Distribution
Percent of People with Each Score
Percentile by Number Answered
Your Score History
You have not taken this quiz